Metaphysik : Eine methodisch-systematische Grundlegung /

Guardat en:
Dades bibliogràfiques
Autor principal: Coreth, Emerich (autor)
Format: Llibre
Idioma:German
Publicat: Innsbruck, Austria : Tyrolia, 1964, c1964
Etiquetes: Afegir etiqueta
Sense etiquetes, Sigues el primer a etiquetar aquest registre!

MARC

LEADER 00000nam^a2200000^a^4500
001 000572190
005 20250521000000.0
009 20260310132303.521
037 |a Acervo Xavier Clavigero 
041 |a ALE 
091 |a FPA. 03657 
100 |a Coreth, Emerich  |e (autor) 
245 1 0 |a Metaphysik :  |b Eine methodisch-systematische Grundlegung / 
264 4 |a Innsbruck, Austria :  |b Tyrolia,  |c 1964, c1964 
300 |a 584 p. 
336 |a texto  |b txt  |2 rdacontenido 
337 |a sin mediación  |b n  |2 rdamedio 
338 |a volumen  |b nc  |2 rdasoporte 
649 |a XX 
910 |a Fondo José Ignacio Palencia Gómez S.J. 
920 |a Impresos - Libros 
930 |a Fondos Especiales 
905 |a 137 
901 |a 0500352294  |b IT2  |c ESL  |i D  |u 20250521 
902 |a https://opac.biblio.iteso.mx/vufind/Record/000572190